000 00767cab a2200181 4500
001 ##L134756
008 060830n2006 000 0 eng u
035 _a(Sirsi) u134756
041 0 _aeng
100 1 _aImpey, Louise
245 0 0 _aBiomass
_bmore slow burn than firestorm?
260 _c2006
490 0 _aFarmers' Weekly
_v144(21) 26 May 2006, 32-35(4)
520 _aBiomass
_bmore slow burn than firestorm? Assesses the prospects for biomass. Looks at the potential of oilseed rape meal, miscanthus and SRC willow. Summarises the grants available for exploiting these crops. Provides further sources of information. See also L134755 and L.
651 4 _aUnited Kingdom
_y
690 _aENVIRONMENTAL AND LAND CONSULTANCY-ENERGY-RENEWABLE ENERGY
942 _n0
999 _c77638
_d77638